Unidad de atención integral de la salud para adolescentes con cáncer y enfermedades crónicas : estrategias para la humanización de espacios de tratamiento médico a través de la biofilia y la arquitectura bioclimática
Guardado en:
| Autor principal: | |
|---|---|
| Otros Autores: | |
| Formato: | Libro |
| Lenguaje: | Spanish |
| Publicado: |
[San José, Costa Rica]
2018
|
| Materias: |
DISEÑO ARQUITECTONICO - ASPECTOS PSICOLOGICOS - SAN JOSE (COSTA RICA)
> DISEÑO ARQUITECTONICO - ASPECTOS AMBIENTALES - SAN JOSE (COSTA RICA)
> CENTROS DE ATENCION INTEGRAL DE SALUD - SAN JOSE (COSTA RICA) - DISEÑOS Y PLANOS
> ESPACIOS PUBLICOS - ASPECTOS PSICOLOGICOS - SAN JOSE (COSTA RICA)
> ESPACIO (ARQUITECTURA) - ASPECTOS SOCIALES - SAN JOSE (COSTA RICA)
> ARQUITECTURA Y CLIMA
> ENFERMOS CRONICOS
> ADOLESCENTES - CUIDADO Y TRATAMIENTO
|
| Etiquetas: |
Agregar Etiqueta
Sin Etiquetas, Sea el primero en etiquetar este registro!
|
MARC
| LEADER | 00000nam a22000007a 4500 | ||
|---|---|---|---|
| 003 | EA0220 | ||
| 005 | 20230302112428.0 | ||
| 008 | 181008b2018 cr a|||| |m|| 00| ||spa d | ||
| 040 | |c cru CEDI | ||
| 090 | |a TFG EA-220 | ||
| 100 | |9 14218 |a Alcázar Medina, Andrea | ||
| 245 | |a Unidad de atención integral de la salud para adolescentes con cáncer y enfermedades crónicas : estrategias para la humanización de espacios de tratamiento médico a través de la biofilia y la arquitectura bioclimática | ||
| 260 | |a [San José, Costa Rica] |c 2018 | ||
| 300 | |a 209 páginas : ilustraciones (principalmente a color), planos a color. | ||
| 500 | |a Proyecto de graduación (licenciatura en arquitectura)--Universidad de Costa Rica. Facultad de Ingeniería. Escuela de Arquitectura | ||
| 501 | |a Directora de Proyecto de Graduación: Arq. Eugenia Solís Umaña | ||
| 650 | |x DISEÑO ARQUITECTONICO - ASPECTOS PSICOLOGICOS - SAN JOSE (COSTA RICA) |x DISEÑO ARQUITECTONICO - ASPECTOS AMBIENTALES - SAN JOSE (COSTA RICA) |x CENTROS DE ATENCION INTEGRAL DE SALUD - SAN JOSE (COSTA RICA) - DISEÑOS Y PLANOS |x ESPACIOS PUBLICOS - ASPECTOS PSICOLOGICOS - SAN JOSE (COSTA RICA) |x ESPACIO (ARQUITECTURA) - ASPECTOS SOCIALES - SAN JOSE (COSTA RICA) |x ARQUITECTURA Y CLIMA |x ENFERMOS CRONICOS |x ADOLESCENTES - CUIDADO Y TRATAMIENTO |9 14219 | ||
| 700 | |9 81 |a Solís Umaña, Eugenia, 1953- |d Directora del TFG | ||
| 942 | |c CEDI | ||
| 999 | |c 20943 |d 20943 | ||
